000 00859nam a2200265 4500
001 15167
003 ES-MaACL
005 20231227172502.0
007 t|
008 000111s1999 sp a |||| |dspa d
017 _aMA 557-1999
020 _a84-7785-317-7
080 _a821.134.2 Chacel, Rosa 1.07
100 1 _aFoncea Hierro, Isabel.
_951489
245 1 0 _aRosa Chacel: memoria e imaginación de un tiempo enigmático /
_cIsabel Foncea Hierro.
260 _aMálaga :
_bCentro Cultural Generación del 27,
_c1999.
300 _a169 p. :
_bil. ;
_c22 cm.
490 1 _aEl paraíso desdeñado ;
_v11
500 _a"Tomo II"
600 1 4 _aChacel, Rosa,
_d1898-1994
_937750
710 2 _aCentro Cultural Generación del 27.
_92582
830 0 _aEl paraíso desdeñado ;
_v11
_9179487
852 4 _a BA
_jL-22444
999 _c15167
_d15167